Funciones de la administración concursal (Registro nro. 159236)
[ vista simple ]
| 000 -LEADER | |
|---|---|
| fixed length control field | 01220ny a22002893n 4500 |
| 008 - FIXED-LENGTH DATA ELEMENTS--GENERAL INFORMATION | |
| fixed length control field | 040617s2004 sp 000 0 spa d |
| 017 ## - | |
| -- | D.L.M17111-04 |
| 020 ## - INTERNATIONAL STANDARD BOOK NUMBER | |
| International Standard Book Number | 9788495748515 |
| 035 ## - | |
| -- | 2622 |
| 040 ## - CATALOGING SOURCE | |
| Original cataloging agency | Mpons |
| Modifying agency | vLex |
| 080 ## - | |
| -- | 347.736(460) |
| 080 ## - | |
| -- | 347.739(460) |
| 090 ## - | |
| -- | 717 |
| -- | 717 |
| 100 1# - MAIN ENTRY--PERSONAL NAME | |
| Personal name | Sanjuán y Muñoz, Enrique |
| 245 10 - TITLE STATEMENT | |
| Title | Funciones de la administración concursal |
| Medium | [Recurso electrónico] |
| Remainder of title | nueva regulación de la Ley concursal 22/2003, de 9 de julio / |
| Statement of responsibility, etc | Enrique Sanjuán y Muñoz |
| 256 ## - | |
| -- | Servicio en línea |
| 260 ## - PUBLICATION, DISTRIBUTION, ETC. (IMPRINT) | |
| Place of publication, distribution, etc | Madrid : |
| Name of publisher, distributor, etc | Dijusa, |
| Date of publication, distribution, etc | 2004 |
| 300 ## - PHYSICAL DESCRIPTION | |
| Extent | 424 p. ; |
| Dimensions | 24 cm |
| 500 ## - GENERAL NOTE | |
| General note | Incluye: "Plan general de contabilidad" |
| 506 1# - RESTRICTIONS ON ACCESS NOTE | |
| Terms governing access | Contenido solo disponible en los productos indicados |
| Authorized users | vLex Global |
| -- | vLex Global (Academic Edition, excluding Law Schools) |
| -- | vLex Global (U.S. Academic Edition, Law Schools) |
| -- | vLex Global (U.S. Academic Edition, excluding Law Schools) |
| -- | vLex Global (Academic Edition, Law Schools) |
| 650 07 - SUBJECT ADDED ENTRY--TOPICAL TERM | |
| Topical term or geographic name as entry element | Administración concursal |
| Source of heading or term | Tesauro vLex |
| 650 07 - SUBJECT ADDED ENTRY--TOPICAL TERM | |
| Topical term or geographic name as entry element | Concursos |
| Source of heading or term | Tesauro vLex |
| 740 0# - | |
| -- | vLex Libros (Servicios en línea) |
| 856 40 - LOCALIZACIÓN Y ACCESO ELECTRÓNICO | |
| Identificador Uniforme del Recurso (URI/URL) | https://app.vlex.com/#/sources/2622 |
| 942 ## - | |
| -- | RAA |
| 999 ## - | |
| -- | 159236 |
| -- | 159236 |
No hay ítems disponibles.